Bài giảng phẫu thuật tạo hình thẩm mỹ
Nội dung sách lựa chọn những vấn đề thiết thực cho không chỉ các bác sĩ thuộc chuyên ngành phẫu thuật tạo hình mà còn phục vụ cho việc tham khảo của các bác sĩ thuộc chuyên ngành ngoại tổng quát, chấn thương, ngoại nhi, tai mũi họng, hàm mặ...
Αποθηκεύτηκε σε:
| Κύριος συγγραφέας: | |
|---|---|
| Μορφή: | Βιβλίο |
| Γλώσσα: | Vietnamese |
| Έκδοση: |
H.
Y học
2017
|
| Έκδοση: | Tái bản lần thứ nhất có sửa chữa và bổ sung |
| Θέματα: | |
| Ετικέτες: |
Προσθήκη ετικέτας
Δεν υπάρχουν, Καταχωρήστε ετικέτα πρώτοι!
|
| Thư viện lưu trữ: | Thư viện Trường Đại học Nam Cần Thơ |
|---|
| LEADER | 01189nam a22002057a 4500 | ||
|---|---|---|---|
| 001 | NCT_29142 | ||
| 008 | 180413b xxu||||| |||| 00| 0 vie d | ||
| 999 | |c 1401 |d 1401 | ||
| 020 | |a 9786046625308 |c 88000 | ||
| 082 | 0 | 4 | |2 23rd ed. |a 617.95 |b H513 |
| 100 | 1 | |a Nguyễn Bắc Hùng |e Chủ biên | |
| 245 | 1 | |a Bài giảng phẫu thuật tạo hình thẩm mỹ |c Nguyễn Bắc Hùng | |
| 250 | |a Tái bản lần thứ nhất có sửa chữa và bổ sung | ||
| 260 | |a H. |b Y học |c 2017 | ||
| 300 | |a 291tr. |b minh họa |c 27cm | ||
| 520 | 3 | |a Nội dung sách lựa chọn những vấn đề thiết thực cho không chỉ các bác sĩ thuộc chuyên ngành phẫu thuật tạo hình mà còn phục vụ cho việc tham khảo của các bác sĩ thuộc chuyên ngành ngoại tổng quát, chấn thương, ngoại nhi, tai mũi họng, hàm mặt. | |
| 653 | |a Y đa khoa | ||
| 942 | |2 ddc |c BK | ||
| 952 | |0 0 |1 0 |2 ddc |4 0 |6 617_950000000000000_H513 |7 0 |9 6846 |a 000001 |b 000001 |d 2018-04-13 |o 617.95 H513 |p MD.10749 |r 2018-04-13 |v 88000.00 |w 2018-04-13 |y BK | ||
| 980 | |a Thư viện Trường Đại học Nam Cần Thơ | ||


